|
|
|
|
| LEADER |
00000nas a2200000 a 4500 |
| 001 |
ssj0000626769 |
| 003 |
WaSeSS |
| 005 |
20200512172242.0 |
| 006 |
m d |
| 007 |
cr n |
| 008 |
760620c19659999sp ar s s0 b0spa d |
| 010 |
|
|
|a 2007202207
|
| 022 |
|
|
|l 0590-1987
|y 0590-1987
|
| 035 |
|
|
|a (WaSeSS)ssj0000626769
|
| 040 |
|
|
|a PIT
|b eng
|c PIT
|d COO
|d UCU
|d MUL
|d NLGGC
|d OCLCQ
|d DLC
|d BRZ
|d OCLCQ
|d LOA
|d ZCU
|d OCLCQ
|d OCLCF
|d NGA
|d ZCU
|d OCLCQ
|d UEJ
|d OCLCQ
|d ZAP
|d CGU
|d OCLCQ
|d HLS
|d L2U
|d WaSeSS
|
| 041 |
0 |
|
|a spa
|a eng
|
| 042 |
|
|
|a lccopycat
|
| 043 |
|
|
|a e-sp---
|
| 050 |
0 |
0 |
|a DP402.A4
|b C8
|
| 050 |
1 |
4 |
|a NA387
|b Sp1
|
| 082 |
0 |
4 |
|a 946
|
| 084 |
|
|
|a 20.40
|2 bcl
|
| 222 |
|
0 |
|a Cuadernos de la Alhambra
|
| 245 |
0 |
0 |
|a Cuadernos de la Alhambra
|h [electronic resource].
|
| 246 |
1 |
3 |
|a CDLA
|
| 260 |
|
|
|a Granada :
|b Ministerio de Educación y Ciencia, Dirección General del Patrimonio Artístico y Cultural, Patronato de la Alhambra y Generalife
|
| 310 |
|
|
|a Annual
|
| 362 |
0 |
|
|a 1 (1965)-
|
| 506 |
|
|
|a License restrictions may limit access.
|
| 515 |
|
|
|a Volumen 41- also called año 40, número 41-
|
| 525 |
|
|
|a Some issues accompanied by CD-ROM.
|
| 546 |
|
|
|a Text in Spanish, with some English, <2005->
|
| 555 |
|
|
|a Vols. 1 (1965)-41 (2005) on 1 CD-ROM issued with v. 41 (2005).
|
| 588 |
|
|
|a Latest issue consulted: Vol. 46/47 (2011/2012).
|
| 610 |
2 |
0 |
|a Alhambra (Granada, Spain)
|v Periodicals.
|
| 610 |
2 |
0 |
|a Generalife (Granada, Spain)
|v Periodicals.
|
| 610 |
2 |
4 |
|a Alhambra (Granada, Spain)
|x Periodicals.
|
| 610 |
2 |
7 |
|a Alhambra (Granada, Spain)
|2 fast
|0 (OCoLC)fst00631429
|
| 610 |
2 |
7 |
|a Generalife (Granada, Spain)
|2 fast
|0 (OCoLC)fst00694988
|
| 650 |
|
7 |
|a 20.40 art of non-European countries, peoples, civilizations: general.
|0 (NL-LeOCL)077594762
|2 bcl
|
| 655 |
|
0 |
|a Electronic journals.
|
| 710 |
2 |
|
|a Patronato de la Alhambra y Generalife (Granada, Spain)
|
| 770 |
0 |
|
|t Cuadernos de Alhambra. Anejo
|w (OCoLC)4346489
|
| 850 |
|
|
|a DLC
|
| 856 |
4 |
0 |
|z Full text available from Research Library: 01/01/2004 to 01/31/2010
|u https://search.proquest.com/publication/1006427
|